Simply Accounting Practice Set: Au Canada, (Record no. 5743)

MARC details
005 - DATE AND TIME OF LATEST TRANSACTION
control field 20250627161100.0
020 ## - INTERNATIONAL STANDARD BOOK NUMBER
International Standard Book Number 0-13-044640-8
082 ## - DEWEY DECIMAL CLASSIFICATION NUMBER
Classification number 657BIR
100 ## - MAIN ENTRY--PERSONAL NAME
Author name BIRTWELL, S.
245 ## - TITLE STATEMENT
Title Simply Accounting Practice Set: Au Canada,
260 ## - PUBLICATION, DISTRIBUTION, ETC.
Place of publication, distribution, etc. Toronto,
Name of publisher, distributor, etc. Prentice Hall,
Date of publication, distribution, etc. 2002.
300 ## - PHYSICAL DESCRIPTION
Extent 172p,: ill.; figure
Dimensions 27.5cm
942 ## - ADDED ENTRY ELEMENTS (KOHA)
Source of classification or shelving scheme Dewey Decimal Classification
Koha item type Books
Holdings
Date last seen Total checkouts Full call number Barcode Cost, replacement price Price effective from Koha item type Lost status Source of classification or shelving scheme Damaged status Not for loan Withdrawn status Home library Current library Shelving location Date acquired Cost, normal purchase price
06/27/2025   657.04BIR DOM000404 30000.00 06/27/2025 Books   Dewey Decimal Classification       CBE Dodoma CBE Dodoma General Collection 04/27/2004 10000.00
06/27/2025   657.04BIR DOM000374 30000.00 06/27/2025 Books   Dewey Decimal Classification       CBE Dodoma CBE Dodoma General Collection 04/27/2004 10000.00